Contratacin̤ contemporǹea Contratos modernos. Derecho del Consumidor /

Detalles Bibliográficos
Autor principal: Soto Coaguila, Carlos Alberto
Formato: eBook
Lenguaje:español
Publicado: Lima : Palestra Editores, 2001
Materias:
Acceso en línea:Acceso restringido

MARC

LEADER 00000nam a22000007a 4500
005 20120423135735.0
007 cr|||| ||||
008 120423s2001 pe |||||s|||| 00| 0 spa d
020 |a 9972-733-18-1 
035 |a 6434 
040 |a vLex 
090 |c 3140  |d 3140 
100 1 |a Soto Coaguila, Carlos Alberto 
245 1 0 |a Contratacin̤ contemporǹea  |h [Recurso electrn̤ico] :  |b Contratos modernos. Derecho del Consumidor /  |c Carlos Alberto Soto Coaguila, Jos ̌Luis De Los Mozos  
256 |a Servicio en ln̕ea 
260 |a Lima :  |b Palestra Editores,  |c 2001 
300 |a 1 recurso electrn̤ico 
506 1 |a Contenido solo disponible en los productos indicados  |d vLex Global   |d vLex Global (Academic Edition, excluding Law Schools)   |d vLex Global (U.S. Academic Edition, Law Schools)   |d vLex Global (U.S. Academic Edition, excluding Law Schools)   |d vLex Global (Academic Edition, Law Schools)  
650 0 4 |a Consumidores  |x Derecho y legislacin̤ 
650 0 4 |a Contratos  |z Per︢ 
740 0 |a vLex Libros (Servicio en ln̕ea) 
856 4 0 |u http://vlex.com/source/contratacion-contemporanea-contratos-modernos-derecho-consumidor-6434  |z Acceso restringido 
942 |c BOOK 
999 0 |a Contracts 
999 0 |a Consumers